Elementos de economía política /

Guardado en:
Autor Principal: Gondra, Luis Roque.
Formato: Libro
Idioma:Undetermined
Publicado: Buenos Aires : Librería la facultad de Juan Roldán y cía, 1933.
Materias:
Etiquetas: Agregar Etiqueta
Sin Etiquetas, Sea el primero en etiquetar este registro!
LEADER 00558nam a22001575a 4500
001 EHU.bham046721
005 20110523095404.0
008 110523s1933####ag############000#0#und#d
100 1 |a Gondra, Luis Roque. 
245 1 0 |a Elementos de economía política /  |c Luis Roque Gondra. 
260 |a Buenos Aires :  |b Librería la facultad de Juan Roldán y cía,  |c 1933. 
300 |a xvi; 435 p. 
653 |a Factores de la producción 
653 |a Dinámica económica 
653 |a Equilibrio económico 
859 |a AR-BHAM  |b BIB. HUMANIDADES - Donacion Lejarraga  |h MFN000940  |p 000940.19